[Event "Klatovy op 22nd"]
[Site "Klatovy"]
[Date "2016.07.10"]
[Round "9"]
[White "Van der Hoeven, Gerben"]
[Black "Ruzicka, Ondrej"]
[Result "1/2-1/2"]
[WhiteElo "1968"]
[BlackElo "1863"]
[PlyCount "97"]
[EventDate "2016.07.02"]
[EventType "swiss"]
[EventRounds "9"]
[EventCountry "CZE"]
[SourceTitle "CBM 173 Extra"]
[Source "ChessBase"]
[SourceDate "2016.08.29"]
[SourceVersion "1"]
[SourceVersionDate "2016.08.29"]
[SourceQuality "1"]

1. e4 c5 2. Nf3 d6 3. c3 Nf6 4. d3 Bg4 5. Be2 e6 6. h3 Bxf3 7. Bxf3 Be7 8. 0-0 0-0 9. Bf4 Nc6 10. Na3 d5 11. Qb3 dxe4 12. dxe4 e5 13. Rad1 Qb6 14. Qxb6 axb6 15. Be3 h6 16. Rd2 Ra4 17. Bd1 Ra5 18. Bc2 b5 19. Bb1 b4 20. Nc4 Ra6 21. cxb4 Nxb4 22. Nxe5 Nxa2 23. Nd7 Rc8 24. e5 Nh7 25. Bd3 c4 26. Be4 Rc7 27. Bb6 Bb4 28. Nf6+ gxf6 29. Rd8+ Kg7 30. Bxc7 b5 31. Rb8 Ng5 32. Bd5 c3 33. Rxb5 Be7 34. Bxa2 Rxa2 35. bxc3 Rc2 36. Bd6 Bd8 37. Rc5 Ne4 38. Rc8 Bb6 39. c4 Bxf2+ 40. Rxf2 Nxf2 41. Bf8+ Kg6 42. exf6 Ne4 43. Be7 Kf5 44. c5 Nxf6 45. Rh8 Nd5 46. Bf8 Nf4 47. g4+ Ke4 48. Rxh6 Kf3 49. Bd6 1/2-1/2

[Event "Klatovy op 22nd"]
[Site "Klatovy"]
[Date "2016.07.03"]
[Round "2"]
[White "Svoboda, Jaroslav"]
[Black "Van der Hoeven, Gerben"]
[Result "0-1"]
[WhiteElo "1711"]
[BlackElo "1968"]
[PlyCount "68"]
[EventDate "2016.07.02"]
[EventType "swiss"]
[EventRounds "9"]
[EventCountry "CZE"]
[SourceTitle "CBM 173 Extra"]
[Source "ChessBase"]
[SourceDate "2016.08.29"]
[SourceVersion "1"]
[SourceVersionDate "2016.08.29"]
[SourceQuality "1"]

1. d4 c5 2. dxc5 e5 3. e4 Bxc5 4. Bd3 d6 5. h3 Ne7 6. Nf3 0-0 7. 0-0 Nbc6 8. c3 Kh8 9. a4 a5 10. Nbd2 f5 11. exf5 d5 12. Ng5 e4 13. Bb5 Bxf5 14. Nb3 Bb6 15. c4 Ne5 16. c5 Ba7 17. Nd4 Qc8 18. Be3 Bxc5 19. Rc1 b6 20. Qh5 Bg6 21. Qh4 Rf6 22. Qg3 Qb8 23. Nge6 Bd6 24. Nf4 Bf7 25. Qh4 Bc5 26. Nh5 Nf5 27. Nxf5 Rxf5 28. Ng3 Bxe3 29. fxe3 Rxf1+ 30. Rxf1 Bg6 31. Qe7 Nf3+ 32. Kh1 Qxg3 33. gxf3 Qxh3+ 34. Kg1 Qg3+ 0-1

[Event "Klatovy op 22nd"]
[Site "Klatovy"]
[Date "2016.07.02"]
[Round "1"]
[White "Van der Hoeven, Gerben"]
[Black "Toman, Ondrej"]
[Result "0-1"]
[WhiteElo "1968"]
[BlackElo "2197"]
[PlyCount "90"]
[EventDate "2016.07.02"]
[EventType "swiss"]
[EventRounds "9"]
[EventCountry "CZE"]
[SourceTitle "CBM 173 Extra"]
[Source "ChessBase"]
[SourceDate "2016.08.29"]
[SourceVersion "1"]
[SourceVersionDate "2016.08.29"]
[SourceQuality "1"]

1. e4 c6 2. d4 d5 3. Nc3 dxe4 4. Nxe4 Bf5 5. Ng3 Bg6 6. h4 h6 7. Nf3 Nd7 8. Bd3 Bxd3 9. Qxd3 e6 10. Bf4 Qa5+ 11. Bd2 Qc7 12. 0-0 Ngf6 13. Rfe1 0-0-0 14. b4 Bd6 15. Ne4 Nxe4 16. Qxe4 Nf6 17. Qe2 Ng4 18. c4 Bh2+ 19. Kf1 Bf4 20. Rad1 Nh2+ 21. Nxh2 Bxd2 22. Rxd2 Qxh2 23. Qe4 Rd6 24. Ke2 Rhd8 25. g3 Qh3 26. Ke3 f5 27. Qe5 g5 28. c5 f4+ 29. Kf3 fxg3 30. cxd6 Rf8+ 31. Ke4 gxf2 32. d7+ Kxd7 33. Qg7+ Ke8 34. Qxf8+ Kxf8 35. Rxf2+ Ke7 36. hxg5 hxg5 37. Rg1 g4 38. Rf4 g3 39. Rf3 Qg4+ 40. Ke3 g2 41. Rf2 Qg3+ 42. Rf3 Qg5+ 43. Rf4 Kd6 44. a3 e5 45. dxe5+ Kxe5 0-1

[Event "Delft Prinsenstad op-B 9th"]
[Site "Delft"]
[Date "2016.03.26"]
[Round "4"]
[White "Van der Hoeven, Gerben"]
[Black "Hooning, Freek"]
[Result "1-0"]
[WhiteElo "1965"]
[BlackElo "1924"]
[PlyCount "71"]
[EventDate "2016.03.27"]
[EventType "swiss"]
[EventRounds "6"]
[EventCountry "NED"]
[SourceTitle "EXT 2018"]
[Source "ChessBase"]
[SourceDate "2017.10.13"]
[SourceVersion "1"]
[SourceVersionDate "2017.10.13"]
[SourceQuality "1"]

1. e4 c5 2. Nf3 e6 3. c3 Nf6 4. Bd3 d6 5. 0-0 Nc6 6. Bc2 e5 7. h3 Be7 8. d3 0-0 9. Re1 Qc7 10. Nbd2 Be6 11. Nf1 d5 12. Ng5 Bd7 13. exd5 Nxd5 14. Bb3 Bxg5 15. Bxg5 Be6 16. Qf3 Qd7 17. Qg3 f6 18. Bd2 Rfe8 19. Qf3 Rad8 20. Ng3 Kh8 21. Bc2 Qf7 22. Qe4 g6 23. Qf3 Nde7 24. Ne4 c4 25. Qxf6+ Qxf6 26. Nxf6 Rf8 27. Ne4 cxd3 28. Bb3 Bxb3 29. axb3 Nd5 30. Nc5 Rf7 31. Bg5 Rd6 32. Nxd3 Nxc3 33. Nxe5 Nxe5 34. Rxe5 Rd1+ 35. Rxd1 Nxd1 36. Bh6 1-0

[Event "Leiden Noteboom Memorial 75th"]
[Site "Leiden"]
[Date "2015.02.15"]
[Round "6"]
[White "Van der Hoeven, Gerben"]
[Black "Pijpers, Arthur"]
[Result "0-1"]
[WhiteElo "1977"]
[BlackElo "2400"]
[PlyCount "26"]
[EventDate "2015.02.13"]
[EventType "swiss"]
[EventRounds "6"]
[EventCountry "NED"]
[SourceTitle "CBM 164 Extra"]
[Source "ChessBase"]
[SourceDate "2015.03.02"]
[SourceVersion "1"]
[SourceVersionDate "2015.03.02"]
[SourceQuality "1"]

1. e4 e6 2. c4 c5 3. Nf3 Nc6 4. Be2 Nge7 5. Nc3 Nd4 6. Nxd4 cxd4 7. Nb5 Nc6 8. b3 a6 9. Na3 Ne5 10. 0-0 d3 11. Bg4 Qf6 12. Rb1 Qf4 13. Bf3 Bd6 0-1

[Event "Split op 3rd"]
[Site "Split"]
[Date "2013.08.10"]
[Round "1"]
[White "Van der Hoeven, Gerben"]
[Black "Brkic, Ante"]
[Result "0-1"]
[WhiteElo "2009"]
[BlackElo "2575"]
[PlyCount "46"]
[EventDate "2013.08.10"]
[EventType "swiss"]
[EventRounds "9"]
[EventCountry "CRO"]
[SourceTitle "CBM 155 Extra"]
[Source "ChessBase"]
[SourceDate "2013.08.26"]
[SourceVersion "1"]
[SourceVersionDate "2013.08.26"]
[SourceQuality "1"]

1. e4 g6 2. Nf3 Bg7 3. Bc4 c5 4. 0-0 Nc6 5. c3 e6 6. Re1 Nge7 7. Bb3 e5 8. Ng5 0-0 9. Qf3 Qe8 10. Qg3 h6 11. Nf3 d6 12. Nh4 g5 13. Nf3 Na5 14. h4 g4 15. Nh2 Nxb3 16. axb3 f5 17. d4 f4 18. Qd3 exd4 19. Na3 Ng6 20. g3 Ne5 21. Qd1 Qh5 22. Nb5 Nf3+ 23. Kh1 Be5 0-1

[Event "Vellmar op-A 5th"]
[Site "Vellmar"]
[Date "2013.07.27"]
[Round "4"]
[White "Van der Hoeven, Gerben"]
[Black "Sieber, Fiona"]
[Result "0-1"]
[WhiteElo "1962"]
[BlackElo "1868"]
[PlyCount "58"]
[EventDate "2013.07.25"]
[EventType "swiss"]
[EventRounds "7"]
[EventCountry "GER"]
[SourceTitle "EXT 2015"]
[Source "ChessBase"]
[SourceDate "2014.11.20"]
[SourceVersion "1"]
[SourceVersionDate "2014.11.20"]
[SourceQuality "1"]

1. e4 c5 2. c3 Nf6 3. e5 Nd5 4. d4 cxd4 5. cxd4 d6 6. exd6 Qxd6 7. Nc3 Nxc3 8. bxc3 g6 9. Bd3 Qc6 10. Bf1 Qxc3+ 11. Bd2 Qa3 12. Rc1 Bd7 13. Rc4 Na6 14. Qb1 Bg7 15. Rc3 Qd6 16. Qxb7 Rb8 17. Qxa6 Rb1+ 18. Bc1 Rxc1+ 19. Rxc1 Qb4+ 20. Kd1 Ba4+ 21. Rc2 Qb1+ 22. Kd2 Qxc2+ 23. Ke3 Qc1+ 24. Kf3 Bc6+ 25. Ke2 Qb2+ 26. Kd1 Qb1+ 27. Kd2 Bh6+ 28. Kc3 Qc1+ 29. Kb3 0-0 0-1

[Event "Leiden LCT op-A 7th"]
[Site "Leiden"]
[Date "2013.07.16"]
[Round "5"]
[White "Van der Hoeven, Gerben"]
[Black "Noordkamp, Wouter"]
[Result "1/2-1/2"]
[WhiteElo "1962"]
[BlackElo "2066"]
[PlyCount "67"]
[EventDate "2013.07.12"]
[EventType "swiss"]
[EventRounds "9"]
[EventCountry "NED"]
[SourceTitle "CBM 155 Extra"]
[Source "ChessBase"]
[SourceDate "2013.08.26"]
[SourceVersion "1"]
[SourceVersionDate "2013.08.26"]
[SourceQuality "1"]

1. g3 Nf6 2. Bg2 d5 3. c4 e6 4. b3 b6 5. cxd5 exd5 6. Nf3 Bb7 7. d4 Nbd7 8. 0-0 Be7 9. Bf4 0-0 10. Nc3 c6 11. Re1 Bb4 12. Qc2 Re8 13. a3 Be7 14. Qf5 Nf8 15. b4 Ng6 16. Bd2 Bc8 17. Qd3 Bd6 18. Rac1 Ne4 19. Be3 f5 20. Qc2 Bd7 21. b5 Rc8 22. Qb3 Nxc3 23. Rxc3 cxb5 24. Qxd5+ Be6 25. Rxc8 Bxd5 26. Rxd8 Rxd8 27. h3 Bxa3 28. Ra1 b4 29. Nd2 a5 30. Bxd5+ Rxd5 31. Nc4 Rb5 32. Nd6 Rd5 33. Nc4 Rb5 34. Rb1 1/2-1/2

[Event "Vlissingen HZ op 16th"]
[Site "Vlissingen"]
[Date "2012.08.06"]
[Round "4"]
[White "Blom, Vincent"]
[Black "Van der Hoeven, Gerben"]
[Result "1-0"]
[WhiteElo "2139"]
[BlackElo "1961"]
[PlyCount "101"]
[EventDate "2012.08.04"]
[EventType "swiss"]
[EventRounds "9"]
[EventCountry "NED"]
[SourceTitle "CBM 149 Extra"]
[Source "ChessBase"]
[SourceDate "2012.08.24"]
[SourceVersion "1"]
[SourceVersionDate "2012.08.24"]
[SourceQuality "1"]

1. g3 g6 2. Bg2 Bg7 3. e4 d6 4. d4 Nf6 5. Ne2 0-0 6. 0-0 e5 7. d5 a5 8. c4 Na6 9. Nbc3 Bg4 10. h3 Bd7 11. Be3 Qc8 12. Kh2 Be8 13. Nc1 Nh5 14. Bf3 Nf6 15. Nd3 Nd7 16. a3 Nb6 17. b3 f5 18. Rc1 Nd7 19. b4 axb4 20. axb4 f4 21. Bd2 c5 22. b5 Nb4 23. Nxb4 cxb4 24. Na4 Bh6 25. g4 Ra7 26. Bxb4 Qa8 27. Ra1 Rf6 28. g5 Bxg5 29. Bg4 f3 30. Be6+ Kh8 31. Bxd6 Bf4+ 32. Kh1 Qd8 33. Qxf3 Bf7 34. Bxf7 Rxf7 35. c5 Qh4 36. Qg4 Qh6 37. Nc3 Rxa1 38. Rxa1 Nf6 39. Ra8+ Kg7 40. Qe6 Qh5 41. Kg2 Qg5+ 42. Kf1 Bh2 43. c6 Qc1+ 44. Kg2 Qg1+ 45. Kf3 Qh1+ 46. Ke2 Nxe4 47. Bxe5+ Kh6 48. Qxf7 Nxc3+ 49. Bxc3 Qe4+ 50. Kd1 Qd3+ 51. Bd2+ 1-0

[Event "Leiden LCT op-A 6th"]
[Site "Leiden"]
[Date "2012.07.06"]
[Round "1"]
[White "Rabus, Berthold"]
[Black "Van der Hoeven, Gerben"]
[Result "1-0"]
[WhiteElo "2220"]
[BlackElo "1961"]
[PlyCount "23"]
[EventDate "2012.07.06"]
[EventType "swiss"]
[EventRounds "9"]
[EventCountry "NED"]
[SourceTitle "CBM 149 Extra"]
[Source "ChessBase"]
[SourceDate "2012.08.24"]
[SourceVersion "1"]
[SourceVersionDate "2012.08.24"]
[SourceQuality "1"]

1. d4 c5 2. c3 Nf6 3. Nf3 d5 4. Bf4 Bg4 5. Ne5 Bh5 6. Qb3 b6 7. e4 dxe4 8. Bb5+ Nbd7 9. Nxd7 Nxd7 10. Qd5 Bg4 11. dxc5 Rc8 12. c6 1-0

[Event "Delft Prinsenstad op-B"]
[Site "Delft"]
[Date "2010.04.04"]
[Round "5"]
[White "Van der Hoeven, Gerben"]
[Black "Anink, Marco"]
[Result "1-0"]
[WhiteElo "1712"]
[BlackElo "1933"]
[PlyCount "93"]
[EventDate "2010.04.02"]
[EventType "swiss"]
[EventRounds "6"]
[EventCountry "NED"]
[SourceTitle "EXT 2013"]
[Source "ChessBase"]
[SourceDate "2012.11.22"]
[SourceVersion "1"]
[SourceVersionDate "2012.11.22"]
[SourceQuality "1"]

1. Nf3 g6 2. e4 Bg7 3. d4 d6 4. c4 Nf6 5. Nc3 0-0 6. Be2 e5 7. dxe5 dxe5 8. 0-0 Qe7 9. Qc2 c6 10. h3 h6 11. a3 Nh7 12. b4 f5 13. Be3 Nd7 14. Rad1 f4 15. Bc1 g5 16. g4 Ndf6 17. Nd2 h5 18. f3 Be6 19. c5 Rfd8 20. Nc4 Ne8 21. Na4 Nf8 22. Bb2 Bf7 23. Bc3 Bxc4 24. Bxc4+ Kh7 25. Nb2 Ne6 26. Qb3 Nd4 27. Bxd4 exd4 28. Bg8+ Kh6 29. Rd3 Be5 30. Bf7 Nf6 31. Qe6 Rd7 32. Qxe7 Rxe7 33. Bb3 Nd7 34. Rfd1 b6 35. Nc4 bxc5 36. Ba4 Rc8 37. Na5 cxb4 38. Nxc6 Re6 39. Nxa7 Nc5 40. Nxc8 Nxa4 41. axb4 Nb2 42. Rxd4 Bxd4+ 43. Rxd4 Rc6 44. Rd6+ Rxd6 45. Nxd6 Na4 46. e5 hxg4 47. e6 1-0

[Event "Enschede op-B U16"]
[Site "Enschede"]
[Date "2009.08.04"]
[Round "3"]
[White "Van der Hoeven, Gerben"]
[Black "Finkenflugel, Renzo"]
[Result "1/2-1/2"]
[WhiteElo "1701"]
[BlackElo "1850"]
[PlyCount "135"]
[EventDate "2009.08.03"]
[EventType "swiss"]
[EventRounds "9"]
[EventCountry "NED"]
[SourceTitle "CBM 132 Extra"]
[Source "ChessBase"]
[SourceDate "2009.11.03"]
[SourceVersion "1"]
[SourceVersionDate "2009.11.03"]
[SourceQuality "1"]

1. Nf3 Nf6 2. c4 e6 3. Nc3 d5 4. cxd5 Nxd5 5. e4 Nb6 6. d4 c5 7. Be3 cxd4 8. Qxd4 Qxd4 9. Nxd4 Bb4 10. Ndb5 Na6 11. a3 Bxc3+ 12. Nxc3 Bd7 13. Be2 0-0 14. 0-0 Rac8 15. Rfd1 Rfd8 16. Rd2 Bc6 17. Rad1 Rxd2 18. Rxd2 Na4 19. Nxa4 Bxa4 20. f3 h6 21. Bxa7 Nc5 22. Rd4 b5 23. Bxc5 Rxc5 24. h3 Rc2 25. b3 Rxe2 26. bxa4 bxa4 27. Rxa4 Ra2 28. Kh2 Kh7 29. Ra7 Kg6 30. h4 h5 31. Kh3 f6 32. g4 hxg4+ 33. fxg4 Re2 34. Ra4 f5 35. exf5+ exf5 36. Ra6+ Kh7 37. gxf5 Re3+ 38. Kg4 Re1 39. a4 Rg1+ 40. Kh5 Rf1 41. Ra5 Kg8 42. Rb5 Kf7 43. a5 Ra1 44. Kg4 Ra4+ 45. Kg5 Ra1 46. Rb7+ Kf8 47. Ra7 Rg1+ 48. Kh5 Rf1 49. Kg6 Rg1+ 50. Kh7 Rh1 51. a6 Rxh4+ 52. Kg6 Rh6+ 53. Kg5 Rf6 54. Ra8+ Kf7 55. a7 Ra6 56. Kf4 Ra5 57. Ke4 Ra1 58. Kd4 Rd1+ 59. Kc3 Ra1 60. f6 Ra6 61. Kb4 Ra1 62. Kb3 Ra6 63. Kb4 Ra1 64. Kb5 Rb1+ 65. Kc5 Rc1+ 66. Kb4 Ra1 67. Kc3 Ra4 68. Kb3 1/2-1/2

[Event "Twente Young Master op-C"]
[Site "Twente"]
[Date "2007.08.10"]
[Round "7"]
[White "Suurmond, Rik"]
[Black "Van der Hoeven, Gerben"]
[Result "0-1"]
[WhiteElo "1494"]
[BlackElo "1422"]
[PlyCount "36"]
[EventDate "2007.08.06"]
[EventType "swiss"]
[EventRounds "9"]
[EventCountry "NED"]
[SourceTitle "EXT 2008"]
[Source "ChessBase"]
[SourceDate "2007.11.25"]
[SourceVersion "1"]
[SourceVersionDate "2007.11.25"]
[SourceQuality "1"]

1. e4 c5 2. Nf3 Nc6 3. d4 cxd4 4. Nxd4 e5 5. Nxc6 bxc6 6. Bc4 Bc5 7. 0-0 Nf6 8. Nc3 0-0 9. Bg5 h6 10. Bh4 d6 11. h3 Rb8 12. Rb1 Re8 13. Qf3 Be6 14. Bxf6 Qxf6 15. Qxf6 gxf6 16. Bb3 Kf8 17. Kh1 Ke7 18. Rbd1 Bxb3 0-1